MDQL
is popping MORE tags! Check the
thread
!
Quizzes
Events
Quiz Creation
Community
Videos
Private Events
Remove Ads
Sign In
Join for FREE
Feedback
Dark Mode
Quiz Categories
Sports
Geography
Music
Movies
Television
Just For Fun
Miscellaneous
History
Literature
Language
Science
Gaming
Entertainment
Religion
Holiday
For Kids
Quiz Lab
Recent
Popular Today
Quiz Kudos Today
Editor Picks
Curator Picks
Quizzes by...
Day
Popularity
Type
Ratings
Length
Year
Community
Subscriptions
Recent Discussions
Orange Saloon
Badges
Playlists
Quests
Create
Leaderboards
Showdown
Live 5
Trivia Bingo
Activity
Puzzle Library
Sporcle Events
Private Events
Virtual Trivia
Globe League
Become a Host
Pub Owners
SporcleCon
Opinionation
Our Games
Videos
Blog
Mobile Apps
Partnerships
Remove Ads and Go Orange
Feedback
Television
TV Characters
TV Show
Sitcom
Network
Friends
Reality Shows
Cast
South Park
Star Trek
The Simpsons
Doctor Who
Television
TV Characters
TV Show
Sitcom
Network
Friends
Reality Shows
Cast
South Park
Star Trek
The Simpsons
Doctor Who
Random Quiz
Search Sporcle
×
Quiz Lab
Quiz Lab
Television
Show
Type in answers that appear in a list
Type in answers that appear in a list
Classic
Best Score? Go Orange.
Name that Cartoon Network Show Stats
Can you name the Cartoon Network series given three of its characters?
By
SFLF
7m
20 Questions
167 Plays
167 Plays
167 Plays
Comments
Comments
Give Quiz Kudos
Give Quiz Kudos
-
- Ratings
hide this ad
Replay
Link that replays current quiz
Next Quiz
Link to next quiz in quiz playlist
You Got
0%
They Got
Avg Score
51%
Avg Friend Score
Upgrade to see
Score Distribution
Jump to the score distribution portion of the page
Score
0/20
Timer
07:00
0
Plays Today
Characters
Show
% Correct
Bubbles, Blossom, Buttercup
The Powerpuff Girls
91%
Dee Dee, Mandark, Major Glory
Dexter's Laboratory
84.4%
Princess Bubblegum, Marceline, The Ice King
Adventure Time
83.2%
Bloo, Mac, Frankie
Foster's Home For Imaginary Friends
75.4%
Numbuh Five, Common Cold, Delightful Children from down the Lane
Codename: Kids Next Door
72.5%
Robin, Starfire, Cyborg
Teen Titans
71.9%
Eustace, Muriel, Dr. Vindaloo
Courage the Cowardly Dog
70.1%
Mung Daal, Panini, Shnitzel
Chowder
68.3%
Sarah, Rolf, Nazz
Ed, Edd n Eddy
60.5%
Aku, Jack, The Scotsman
Samurai Jack
58.1%
Characters
Show
% Correct
Raj, Clam, Samson
Camp Lazlo
51.5%
Captain K'nuckles, Bubbie, Doctor Barber
The Marvelous Misadventures of Flapjack
42.5%
Buck Tuddrussel, Otto Osworth, Larry 3000
Time Squad
32.9%
Madison, Lil' D, Tamika
Class of 3000
29.9%
I.R. Baboon, The Red Guy, Loulabelle
I.M. Weasel
28.1%
General Specific, Private Public, Plot Device
Sheep in the Big City
25.7%
Coop, Jamie, Kiva
Megas XLR
22.2%
Corporal Lance, Princess Ilana, Octus
Sym-Bionic Titan
19.2%
Betty, Sparky, Robot X-
5
Atomic Betty
19.2%
The Martian Commander, Dr. I.Q. Hi, Queen Tyr'ahnee
Duck Dodgers
18.6%
Quiz Playlist
Details
Report
Send in Message
Add To Playlist
Classic:
Type in answers that appear in a list
Last Updated: Feb 16, 2017
Quiz Scoreboard
CHALLENGE
Sign Up to Join the Scoreboard
Show All
Scores
Hide
Comments
May contain spoilers
Recently Published
Holiday 10x10 Sorting Gallery
by lukepisani3
Holiday
15m
Two Season TV Shows II
by 123Four
Television
10m
Image Sorting: Flags VI
by Barbecue
Geography
2m
More to Explore
Quiz From the Vault
Featured Blog Post
14 Easter Pick-up Lines to Find Eggs With
hide this ad
You Might Also Like...
Tags
Network Quiz
Show Quiz
Cartoon Network
Character
three
Today's Top Quizzes in Television
Browse Television
hide this ad
Today's Top Quizzes in Show
Browse Show
Top Contributed Quizzes in Television
1
Survivor Journey Challenge
2
Even More Two Season TV Shows
3
Adjectives in 00s TV Shows
4
Even More Three Season TV Shows
5
One Season TV Shows
6
Survivor Logic Puzzle: Heroes vs. Villains
7
Adjectives in 10s TV Shows
8
More One Season TV Shows
9
One Piece Logic Puzzle
10
Even More One Season TV Shows
Explore More
Trending Topics
Harry Potter
Disney
Kpop
Crossword
NBA
Anime
Marvel
Song
Soccer
Country
Puzzle
NFL
The Office
Pokémon
WWE
hide this ad
More By:
SFLF
Quiz
Plays
Rating
Category
Featured
Created
Italian Serie A Teams 2013/14
192
5.00
Sports
Jul 8, 2013
Name that Nick Cartoon
178
Television
Aug 7, 2014
Name that Cartoon Network Show
167
4.50
Television
Aug 7, 2014
Name that Disney Cartoon
129
2.50
Television
Aug 7, 2014
IMDb Top 50 Movies
101
2.38
Movies
Dec 31, 2014
Go to Creator's Profile
Score Distribution
Quiz Creator Spotlight
SFLF
Follow
Send a Message
Quizzes Created
-
Created Quiz Play Count
-
More By This Creator
Popular Quizzes Today
1
Find the US States - No Outlines Minefield
2
Colored Red Africa Blitz
3
Find the 'City' Movie
4
The Countries of the World
5
Find the US States
6
5x2 Blitz: Bands
7
Find the Countries of Europe - No Outlines Minefield
8
US States
More Television Quizzes
'Elena of Avalor' Characters: Picture Click
Quiz Lab
Trending Quizzes
Colored Red Europe Blitz I
Colored Red Europe Blitz II
Colored Red Africa Blitz II
Colored Red Europe Blitz III
Colored Red Africa Blitz III
Recently Updated
Odd Team Out - Big 4 Players
pecheneg
Quick Pick: 20 Twenties
pecheneg
March Madness Men's Triple Doubles
pecheneg
How Do You Spell That?
pecheneg
Godzilla Movies
pecheneg
Grab Bag: 4-10 Letters
pecheneg
2024 March Madness Bracket
pecheneg
Famous TV Couples
Peacemaker
Champions League XIs: Real Madrid
pecheneg
Largest US Cities 1790-2010
pecheneg
Trending Topics
Harry Potter
Kpop
Marvel
Disney
Crossword
NBA
Anime
NFL
Puzzle
Song
Soccer
Pokémon
The Office
Country
WWE
Your Account Isn't Verified!
In order to create a playlist on Sporcle, you need to verify the email address you used during registration. Go to your
Sporcle Settings
to finish the process.
Report this User
Report this user for behavior that violates our
Community Guidelines
.
Details:
Send Report
Go to the Sporcle.com Mobile Site →
Comments